=LDR 00000nam 2200000 4500 =001 INLIS000000000048429 =005 20200217023551 =035 ##$$a 0010-111600000000008 =008 200217###########################0###### =020 ##$$a 978-979-17856-8-5 =082 ##$$a 959.865 1 =090 ##$$a 959.865 1 $b Muh k =100 ##$$a Muhammad Shafwan =245 1#$$a Kota tua ampenan /$c Muhammad Shafwan ; editor Mukhlis Muma Leon, Muhammad Atma La Hanif =260 ##$$a Mataram :$b Komunitas Jejak Pena,$c 2014 =300 ##$$a viii, 78 hlm. : $b ilus ; $c 21 cm. =650 #4$$a Sejarah-Ampenan =700 #$$a Mukhlis Muma Leon =084 ##$$a 959.865 1 Muh k =504 ##$$a Bibliografi : hlm. 76 =990 ##$$a 235/46/2017 =990 ##$$a 235/46/2017 =990 ##$$a 235/46/2017 =990 ##$$a 235/46/2017 =990 ##$$a 235/46/2017 =990 ##$$a 235/46/2017 =990 ##$$a 235/46/2017 =990 ##$$a 235/46/2017 =990 ##$$a 235/46/2017 =990 ##$$a 235/46/2017